[Event "Barcelona Tey op-A 1st"]
[Site "Barcelona"]
[Date "2019.11.20"]
[Round "7.2"]
[White "Comellas Blanchart, Jordi"]
[Black "Escuder Vilaltella, Jordi"]
[Result "1/2-1/2"]
[WhiteElo "2048"]
[BlackElo "2279"]
[PlyCount "49"]
[EventDate "2019.10.09"]
[EventType "swiss"]
[EventRounds "9"]
[EventCountry "ESP"]
[SourceTitle "EXT 2024"]
[Source "ChessBase"]
[SourceDate "2023.10.10"]
[SourceVersion "1"]
[SourceVersionDate "2023.10.10"]
[SourceQuality "1"]

1. e4 c5 2. Nf3 d6 3. Bb5+ Bd7 4. Bxd7+ Qxd7 5. c4 Nc6 6. d4 cxd4 7. Nxd4 Nf6 8. Nc3 e6 9. 0-0 Be7 10. Be3 0-0 11. Qe2 a6 12. Rad1 Rac8 13. b3 Qc7 14. Rc1 Qa5 15. a4 Qe5 16. f4 Nxd4 17. Qd3 Qa5 18. Bxd4 Nd7 19. f5 Ne5 20. Qh3 Nc6 21. Bf2 Qe5 22. Bg3 Qd4+ 23. Bf2 Qe5 24. Bg3 Qd4+ 25. Bf2 1/2-1/2

[Event "Catalunya-chT"]
[Site "Catalunya"]
[Date "2014.03.15"]
[Round "8.3"]
[White "Escuder Vilaltella, Jordi"]
[Black "Ayza Leon, David"]
[Result "1/2-1/2"]
[WhiteElo "2308"]
[BlackElo "2199"]
[PlyCount "67"]
[EventDate "2014.01.25"]
[EventType "team"]
[EventRounds "11"]
[EventCountry "ESP"]
[SourceTitle "EXT 2015"]
[Source "ChessBase"]
[SourceDate "2014.11.20"]
[SourceVersion "1"]
[SourceVersionDate "2014.11.20"]
[SourceQuality "1"]
[WhiteTeam "Tres Peons"]
[BlackTeam "Peona I Peo"]
[WhiteTeamCountry "ESP"]
[BlackTeamCountry "ESP"]

1. e4 e5 2. Nf3 Nc6 3. Bb5 a6 4. Ba4 Nf6 5. 0-0 Be7 6. Qe2 b5 7. Bb3 Bb7 8. c3 d6 9. a4 0-0 10. d3 Na5 11. Bc2 c5 12. Nbd2 Nh5 13. Nb3 Nxb3 14. Bxb3 g6 15. Bh6 Ng7 16. Ne1 Bg5 17. Bxg5 Qxg5 18. Nc2 Kh8 19. Ne3 Nh5 20. Nd5 Bxd5 21. Bxd5 Nf4 22. Qf3 Nxd5 23. exd5 f5 24. Qg3 Qd2 25. axb5 axb5 26. Rxa8 Rxa8 27. Qh4 Qxb2 28. Qf6+ Kg8 29. Qxd6 Qxc3 30. h4 Qd4 31. Qe6+ Kg7 32. Qe7+ Kh6 33. d6 Ra6 34. Qg5+ 1/2-1/2

[Event "Catalunya-chT"]
[Site "Catalunya"]
[Date "2014.02.22"]
[Round "5.2"]
[White "Escuder Vilaltella, Jordi"]
[Black "Herrero Sabartes, Joan"]
[Result "1-0"]
[WhiteElo "2308"]
[BlackElo "2206"]
[PlyCount "69"]
[EventDate "2014.01.25"]
[EventType "team"]
[EventRounds "11"]
[EventCountry "ESP"]
[SourceTitle "EXT 2015"]
[Source "ChessBase"]
[SourceDate "2014.11.20"]
[SourceVersion "1"]
[SourceVersionDate "2014.11.20"]
[SourceQuality "1"]
[WhiteTeam "Tres Peons"]
[BlackTeam "Reus Deportiu"]
[WhiteTeamCountry "ESP"]
[BlackTeamCountry "ESP"]

1. e4 e5 2. Nf3 Nc6 3. c3 Nf6 4. d4 exd4 5. e5 Ng4 6. cxd4 d5 7. Bd3 Be7 8. Nc3 Be6 9. 0-0 Qd7 10. a3 Nh6 11. b4 a6 12. Re1 Nf5 13. Bc2 h6 14. Bb2 g5 15. Ne2 h5 16. Rc1 Na7 17. Nd2 h4 18. Bd3 0-0-0 19. Nb3 Rdg8 20. Nc5 Bxc5 21. dxc5 c6 22. Bxf5 Bxf5 23. e6 fxe6 24. Bxh8 Rxh8 25. Nd4 h3 26. Nxf5 exf5 27. Re5 Nb5 28. Qd3 hxg2 29. Rce1 f4 30. Rxg5 Nc7 31. Qf5 Qxf5 32. Rxf5 Rh3 33. Re7 Kd8 34. Rff7 Ne8 35. Rxb7 1-0

[Event "Hostafrancs op 5th"]
[Site "Barcelona"]
[Date "2003.09.02"]
[Round "4"]
[White "Granados Gomez, Manuel"]
[Black "Escuder Vilaltella, Jordi"]
[Result "0-1"]
[WhiteElo "2413"]
[BlackElo "2228"]
[PlyCount "75"]
[EventDate "2003.08.30"]
[EventType "swiss"]
[EventRounds "9"]
[EventCountry "ESP"]
[SourceTitle "EXT 2004"]
[Source "ChessBase"]
[SourceDate "2003.11.25"]
[SourceVersion "1"]
[SourceVersionDate "2003.11.25"]
[SourceQuality "1"]

1. c4 e6 2. Nc3 d5 3. d4 c6 4. Nf3 dxc4 5. e3 b5 6. a4 Bb4 7. Bd2 a5 8. axb5 Bxc3 9. Bxc3 cxb5 10. b3 Bb7 11. bxc4 b4 12. Bb2 Nf6 13. Bd3 Nbd7 14. 0-0 0-0 15. Nd2 e5 16. f4 exd4 17. exd4 Qe7 18. Rf2 Bc6 19. Bc2 Nb6 20. d5 Bd7 21. Bd4 Rfb8 22. d6 Qxd6 23. Be5 Qc6 24. Bxb8 Rxb8 25. Rxa5 Nxc4 26. Nxc4 Qxc4 27. Bb3 Qc7 28. Raa2 Ne4 29. Rfc2 Nc3 30. Qd4 Bf5 31. Rc1 Ne2+ 32. Rxe2 Qxc1+ 33. Kf2 Qc7 34. Re5 g6 35. Qe3 Qd6 36. Re8+ Kg7 37. Re7 Be6 38. Bxe6 0-1

[Event "Linares Anibal op 09th"]
[Site "Linares"]
[Date "2002.03.01"]
[Round "1"]
[White "Yu, Shaoteng"]
[Black "Escuder Vilaltella, Jordi"]
[Result "1-0"]
[WhiteElo "2522"]
[BlackElo "2219"]
[PlyCount "69"]
[EventDate "2002.03.01"]
[EventType "swiss"]
[EventRounds "10"]
[EventCountry "ESP"]
[SourceTitle "CBM 087 Extra"]
[Source "ChessBase"]
[SourceDate "2002.05.03"]
[SourceVersion "2"]
[SourceVersionDate "2002.08.09"]
[SourceQuality "1"]

1. e4 c5 2. Nf3 d6 3. d4 cxd4 4. Nxd4 Nf6 5. Nc3 g6 6. Be3 Bg7 7. f3 0-0 8. Qd2 Nc6 9. Bc4 Bd7 10. 0-0-0 Rc8 11. Bb3 Ne5 12. Kb1 Nc4 13. Bxc4 Rxc4 14. g4 b5 15. b3 Rc8 16. Ndxb5 Qa5 17. a4 a6 18. Nd5 Qd8 19. Bb6 Qe8 20. Nxf6+ Bxf6 21. Nc7 Rxc7 22. Bxc7 Bxa4 23. Bb6 Bb5 24. Bd4 Bxd4 25. Qxd4 a5 26. Rd2 a4 27. h4 Qa8 28. h5 axb3 29. cxb3 Qa3 30. Qb2 Qb4 31. Rc1 Rb8 32. h6 f6 33. Rc7 Kf7 34. g5 Qa5 35. Qxf6+ 1-0

[Event "Catalunya-chT"]
[Site "Barcelona"]
[Date "2002.??.??"]
[Round "1"]
[White "Escuder Vilaltella, Jordi"]
[Black "Castillo, Sergio"]
[Result "0-1"]
[WhiteElo "2219"]
[BlackElo "2252"]
[PlyCount "46"]
[EventDate "2002.??.??"]
[EventType "team"]
[EventRounds "9"]
[EventCountry "ESP"]
[SourceTitle "EXT 2008"]
[Source "ChessBase"]
[SourceDate "2007.11.25"]
[SourceVersion "1"]
[SourceVersionDate "2007.11.25"]
[SourceQuality "1"]

1. e4 e5 2. Nf3 Nc6 3. c3 Nf6 4. d4 exd4 5. e5 Nd5 6. cxd4 Bb4+ 7. Bd2 Qe7 8. Bd3 Nf4 9. Be4 d5 10. Bc2 Nxg2+ 11. Kf1 Bh3 12. Kg1 Bxd2 13. Nbxd2 Nh4 14. Ba4 h5 15. Nf1 Rh6 16. Qb3 0-0-0 17. Rc1 Rg6+ 18. Ng3 Nxf3+ 19. Qxf3 Nxd4 20. Qe3 Qxe5 21. Rxc7+ Qxc7 22. Qxd4 Qc1+ 23. Bd1 Re8 0-1

[Event "Barcelona op-A"]
[Site "Barcelona"]
[Date "1998.??.??"]
[Round "4"]
[White "Alfonso Nogue, Beatriz"]
[Black "Escuder Vilaltella, Jordi"]
[Result "1/2-1/2"]
[WhiteElo "2185"]
[BlackElo "2315"]
[PlyCount "31"]
[EventDate "1998.??.??"]
[EventType "swiss"]
[EventRounds "8"]
[EventCountry "ESP"]
[SourceTitle "EXT 2019"]
[Source "ChessBase"]
[SourceDate "2018.10.10"]
[SourceVersion "1"]
[SourceVersionDate "2018.10.10"]
[SourceQuality "1"]

1. d4 Nf6 2. c4 e6 3. Nf3 d5 4. Bg5 c6 5. Qc2 Qa5+ 6. Bd2 Qc7 7. g3 Nbd7 8. Bg2 Ne4 9. 0-0 Nxd2 10. Nfxd2 Qb6 11. cxd5 cxd5 12. Nc3 Nf6 13. e4 dxe4 14. Ndxe4 Be7 15. Nxf6+ Bxf6 16. d5 1/2-1/2